000 00719nas a2200241 4500
001 BR8006448
003 BR-BrBNA
005 20231205084423.0
007 ta
008 230509b bl.|||p| |||| 00| 00por d
040 _aBR-BrBNA
_bpor
_cBiblioteca Nacional de Agricultura
041 _a(Pt)
072 _aH10
100 1 _aMorosini, S.
100 1 _aBertoldo, N.
245 1 _aInseticidas para controle das principais pragas da soja no RS [Glycine max, Rio Grande do Sul, Brasil]
650 _aSOJA
650 _aINSETICIDA
650 _aRIO GRANDE DO SUL
773 0 _tLavoura Pecuaria (Brazil)
_x
_g(Dec 1980), v. 3(14) p. 38
_wBR8006448
909 _a202311
_bLúcia
_c55
_dLúcia Elande
942 _2AGRIS
_n0
_cANA
999 _c105108
_d105108